|
|
|
|
| LEADER |
00000nab a2200000 a 4500 |
| 001 |
vtls000568240 |
| 003 |
SK-MaSNL |
| 005 |
20260304092803.0 |
| 008 |
250425c1995 xo 0 slo |
| 015 |
|
|
|a SNBRB19rr/mm-uuuuu
|
| 035 |
|
|
|a CL0568378
|
| 035 |
|
|
|a urn:nbn:sk:snk-abeot
|
| 035 |
|
|
|a (urnnbn)urn:nbn:sk:snk:ar-a03nos
|
| 035 |
|
|
|a (uuid)23ca95ab-7ad0-4b9b-9c98-a144843f4d3f
|
| 040 |
|
|
|a SNKBUCL
|b slo
|c SNKBUCL
|e AACR2
|
| 041 |
0 |
|
|a eng
|
| 044 |
|
|
|a xo
|c SK
|
| 080 |
|
|
|a 621.318.4:621.318.25:621.317.33
|2 1981
|
| 080 |
|
|
|a 621.318.25
|2 1981
|
| 080 |
|
|
|a 621.317.33
|2 1981
|
| 100 |
1 |
|
|a Oravec, Július,
|d 1929-
|4 aut
|9 13482
|
| 245 |
1 |
0 |
|a A Method for Difference Inductance Measurement with Regard to very Fast Remagnetization of Ferrite Inductors
|c Július Oravec, Miloš Oravec
|
| 300 |
|
|
|b Obr. 2, lit. 4 zázn. v angl., češ., slov.
|
| 650 |
0 |
7 |
|a toroidy feritové
|2 snkbucl
|9 1387110
|
| 650 |
0 |
7 |
|a remagnetizácia veľmi rýchla
|2 snkbucl
|9 1387111
|
| 650 |
0 |
7 |
|a induktancia
|2 snkbucl
|9 1113636
|
| 650 |
0 |
7 |
|a meranie veličín elektrických
|2 snkbucl
|9 945808
|
| 655 |
|
7 |
|a články z novín a časopisov
|2 snkbucl
|9 267496
|
| 700 |
1 |
|
|a Oravec, Miloš,
|d 1967-
|4 aut
|9 214195
|
| 773 |
0 |
|
|t Journal of electrical engineering
|g Roč. 46, č. 11 (1995), s. 375-377
|x 0013-578X
|
| 850 |
|
|
|a Slovenská národná knižnica
|
| 852 |
|
|
|a Slovenská národná knižnica
|
| 958 |
|
|
|a article27
|
| 958 |
|
|
|a RK
|
| 958 |
|
|
|a OND
|
| 958 |
|
|
|a EUIPO
|
| 992 |
|
|
|a RBX
|
| 999 |
|
|
|c 2820313
|d 2822243
|